header

MCTS (Record no. 239621)

MARC details
000 -LEADER
fixed length control field 01425nam a2200373Ia 4500
082 04 - DEWEY DECIMAL CLASSIFICATION NUMBER
Classification number 004.6/82
100 1# - MAIN ENTRY--AUTHOR NAME
Personal name Pyles, James.
245 10 - TITLE STATEMENT
Title MCTS
250 ## - EDITION STATEMENT
Edition statement 1st ed.
260 ## - PUBLICATION, DISTRIBUTION, ETC. (IMPRINT)
Place of publication Indianapolis :
Name of publisher Wiley Technology Pub.,
Year of publication c2011.
300 ## - PHYSICAL DESCRIPTION
Number of Pages li, 616 p. :
Other physical details ill.
490 1# - SERIES STATEMENT
Series statement Sybex serious skills
650 #0 - SUBJECT ADDED ENTRY--TOPICAL TERM
Topical Term Intranets (Computer networks)
Topical Term Web servers.
856 40 - ELECTRONIC LOCATION AND ACCESS
Uniform Resource Identifier http://site.ebrary.com/lib/rucke/Doc?id=10524029

No items available.

© 2026 Rongo University
Contact us: librarian | system librarian | Rongo university